Detalles MARC
| 000 -LIDER |
| fixed length control field |
01200nam a22003257a 4500 |
| 003 - IDENTIFICACDOR DE NÚMERO DE CONTROL |
| control field |
DO-SdBNP |
| 005 - DATE AND TIME OF LATEST TRANSACTION |
| control field |
20171206100419.0 |
| 008 - ELEMENTOS DE LONGITUD FIJA |
| fixed length control field |
161031b 1996 xxu a 00| 0 spa d |
| 020 ## - ISBN |
| International Standard Book Number |
0673771040 |
| 040 ## - FUENTE DE CATALOGACIÓN |
| Agencia que crea de manera original el registro |
BPMSU |
| Idioma de catalogación |
spa |
| Agencia que realiza la transcripción |
BPMSU |
| 082 ## - NÚMERO DE CLASIFICACIÓN DECIMAL DE DEWEY |
| Classification number |
xxxx |
| Item number |
P342D |
| 100 1# - ASIENTO PRINCIPAL -- NOMBRE PERSONAL |
| Nombre personal |
Paxton, Tom |
| 245 10 - MENCIÓN DE TITULO |
| Título |
Así es Tom Paxton : |
| Subtítulo |
una entrevista con Tom Paxton / |
| Mención de responsabilidad |
ilustrado por Mike Dammer ; fotografías Jon Reed ; adaptación Patricia Almada ; traducción Olivia Ruiz, Vivian Cuesta, Patricia Almada, Lourdes Davis Machado, Roni Capin Rivera Ashford. |
| 260 ## - PUBLICACIÓN, DISTRIBUCIÓN, ETC. (PIE DE IMPRENTA) |
| Lugar de publicación, distribución, etc |
Estados Unidos : |
| Nombre del editor, distribuidor, etc. |
Celebration Press, |
| -- |
Scott Foresman, |
| Fecha de publicación, distribución, etc |
1996. |
| 300 ## - DESCRIPCIÓN FÍSICA |
| Extensión |
16 p. : |
| Otros detalles físicos |
il. ; |
| Dimensiones |
18 cm. |
| 490 1# - MENCIÓN DE SERIES |
| Mención de serie |
Pequeñitas celebraciones |
| 700 12 - ASIENTO SECUNDARIO -- NOMBRE PERSONAL |
| Nombre personal |
Dammer, Mike |
| Mención de responsabilidad |
il. |
| 700 12 - ASIENTO SECUNDARIO -- NOMBRE PERSONAL |
| Nombre personal |
Reed, Jon |
| Mención de responsabilidad |
fot. |
| 700 12 - ASIENTO SECUNDARIO -- NOMBRE PERSONAL |
| Nombre personal |
Almada, Patricia |
| Mención de responsabilidad |
adap. |
| 700 12 - ASIENTO SECUNDARIO -- NOMBRE PERSONAL |
| Nombre personal |
Ruiz, Olivia |
| Mención de responsabilidad |
trad. |
| 700 12 - ASIENTO SECUNDARIO -- NOMBRE PERSONAL |
| Nombre personal |
Cuesta, Vivian |
| Mención de responsabilidad |
trad. |
| 700 12 - ASIENTO SECUNDARIO -- NOMBRE PERSONAL |
| Nombre personal |
Almada, Patricia |
| Mención de responsabilidad |
trad. |
| 700 12 - ASIENTO SECUNDARIO -- NOMBRE PERSONAL |
| Nombre personal |
Davis Machado, Lourdes |
| Mención de responsabilidad |
trad. |
| 700 12 - ASIENTO SECUNDARIO -- NOMBRE PERSONAL |
| Nombre personal |
Rivera Ashford, Roni Capin |
| Mención de responsabilidad |
trad. |
| 830 #0 - ASIENTO SECUNDARIO DE SERIE--TÍTULO UNIFORME |
| Título uniforme |
Pequeñitas celebraciones |
| 910 ## - VALIDACIÓN |
| Validación |
000144 |
| 942 ## - ADDED ENTRY ELEMENTS (KOHA) |
| Source of classification or shelving scheme |
Dewey Decimal Classification |
| Koha item type |
Libros |
| 945 ## - INFORMACIÓN DE PROCESAMIENTO LOCAL |
| Información de procesamiento local |
inventariado extranjero / DG |
| 956 ## - LOCAL ELECTRONIC LOCATION AND ACCESS (OCLC) |
| Método de acceso |
YLOCKWARD |
| Materiales especificados |
10 |
| Campo enlazado y núm. de secuencia |
BPMSU |
| Nombre de host |
Yngrid Lockward |